000 00606cam a2200205 4500500
005 20260329005753.0
041 _afre
042 _adc
100 1 0 _aEltchaninoff, Michel
_eauthor
245 0 0 _aVoyage au bout de l’Ukraine
260 _c2024.
500 _a57
690 _aGuerre
690 _aMichel Eltchaninoff
690 _aRussie
690 _aUkraine
690 _aVolodymyr Zelensky
786 0 _nPhilosophie magazine | 185 | 12 | 2024-12-01 | p. 14-18 | 1951-1787
856 4 1 _uhttps://shs.cairn.info/magazine-philosophie-magazine-2024-12-page-14?lang=fr&redirect-ssocas=7080
999 _c1846461
_d1846461